[Event "Nova Maraba op 5th"]
[Site "Nova Maraba"]
[Date "2022.06.25"]
[Round "3"]
[White "Santiago, Bruno Majorico Frei"]
[Black "De Sousa, Werlles Milhomem"]
[Result "0-1"]
[WhiteElo "2160"]
[BlackElo "1948"]
[PlyCount "110"]
[EventDate "2022.06.24"]
[EventType "swiss"]
[EventRounds "6"]
[EventCountry "BRA"]
[SourceTitle "EXT 2023"]
[Source "ChessBase"]
[SourceDate "2022.10.05"]
[SourceVersion "1"]
[SourceVersionDate "2022.10.05"]
[SourceQuality "1"]

1. d4 Nf6 2. c4 e6 3. Nf3 Bb4+ 4. Bd2 Qe7 5. g3 d5 6. Bg2 0-0 7. 0-0 dxc4 8. Qc2 b5 9. Bg5 c6 10. Ne5 Bb7 11. a4 a6 12. Nc3 Bxc3 13. bxc3 Rc8 14. Rfb1 Rc7 15. e4 Nbd7 16. Nxd7 Qxd7 17. e5 Nd5 18. Be4 h6 19. Bc1 c5 20. dxc5 Rxc5 21. Ba3 Rcc8 22. Rd1 Qe8 23. Rd4 Bc6 24. Rad1 b4 25. cxb4 Bxa4 26. Qc1 Bxd1 27. Rxd1 c3 28. Bc2 Rab8 29. Rd4 Ne7 30. Qe1 Nf5 31. Rg4 Qd7 32. Bc1 Kh8 33. Qe4 Qb7 34. Qf4 g5 35. Rxg5 hxg5 36. Qxg5 Qf3 37. Qf6+ Kg8 38. Bh6 Qg4 39. Bxf5 exf5 40. e6 Qg6 41. exf7+ Qxf7 42. Qg5+ Kh7 43. Qh4 c2 44. Bc1+ Kg8 45. Qg5+ Kf8 46. Qh6+ Ke8 47. Qxa6 Rd8 48. Qc6+ Kf8 49. Qxc2 Rbc8 50. Bh6+ Kg8 51. Qe2 Qd5 52. Qe3 Rd7 53. Qg5+ Kh7 54. Qh4 Qd1+ 55. Kg2 Qg4 0-1

[Event "Imperatriz LMX Maranhense 26th"]
[Site "Imperatriz"]
[Date "2018.07.15"]
[Round "4.5"]
[White "Aguiar, Davi De Almeida"]
[Black "De Sousa, Werlles Milhomem"]
[Result "0-1"]
[WhiteElo "1582"]
[BlackElo "1970"]
[PlyCount "46"]
[EventDate "2018.07.26"]
[EventType "swiss"]
[EventRounds "5"]
[EventCountry "BRA"]
[SourceTitle "EXT 2022"]
[Source "ChessBase"]
[SourceDate "2021.10.06"]
[SourceVersion "1"]
[SourceVersionDate "2021.10.06"]
[SourceQuality "1"]

1. e4 c5 2. Nf3 g6 3. Bc4 Bg7 4. d3 e6 5. Be3 b6 6. c3 Bb7 7. Qd2 h6 8. Na3 Ne7 9. Nb5 d5 10. e5 Nf5 11. Bb3 a6 12. Na3 Nxe3 13. Qxe3 Nd7 14. Nb1 d4 15. Qe2 Bxf3 16. gxf3 Nxe5 17. f4 Nc6 18. f5 gxf5 19. Rg1 Qf6 20. f4 dxc3 21. Nxc3 0-0 22. 0-0-0 Nd4 23. Qh5 Kh7 0-1

[Event "Parauapebas-ch"]
[Site "Parauapebas"]
[Date "2017.10.15"]
[Round "16"]
[White "De Sousa, Werlles Milhomem"]
[Black "Chaves, Allysson Pereira"]
[Result "1/2-1/2"]
[WhiteElo "2029"]
[BlackElo "1995"]
[PlyCount "132"]
[EventDate "2017.09.10"]
[EventType "tourn"]
[EventRounds "18"]
[EventCountry "BRA"]
[SourceTitle "EXT 2019"]
[Source "ChessBase"]
[SourceDate "2018.10.10"]
[SourceVersion "1"]
[SourceVersionDate "2018.10.10"]
[SourceQuality "1"]

1. c4 Nf6 2. Nf3 g6 3. b4 Bg7 4. Bb2 0-0 5. Qb3 d5 6. cxd5 Qxd5 7. Qc2 Nc6 8. a3 Bf5 9. d3 Bg4 10. Nbd2 a5 11. e4 Qh5 12. bxa5 Bxf3 13. Nxf3 Qxa5+ 14. Bc3 Qa4 15. Qb2 Nh5 16. d4 Rfd8 17. e5 Nf4 18. Bb5 Qa7 19. 0-0 Nd5 20. Bd2 Na5 21. Rfc1 Qb6 22. Rc2 c6 23. Bf1 Qxb2 24. Rxb2 Rd7 25. Rc1 h6 26. g3 e6 27. Bb4 Bf8 28. Nd2 Ne7 29. Bc5 Nf5 30. Ne4 Bg7 31. Rb4 Ne7 32. Bb6 Nd5 33. Bxa5 Rxa5 34. Rb3 Bf8 35. Rc5 Bxc5 36. Nxc5 Rxc5 37. dxc5 Kf8 38. Kg2 Ke7 39. Kf3 Kd8 40. Bc4 Kc7 41. Bxd5 cxd5 42. Ke3 Rd8 43. a4 d4+ 44. Kd3 Kc6 45. Kc4 d3 46. Rxd3 Rxd3 47. Kxd3 Kxc5 48. Kc3 Kd5 49. Kb4 Kxe5 50. Kb5 Ke4 51. Kb6 Kf3 52. Kxb7 Kxf2 53. a5 Kg2 54. a6 Kxh2 55. a7 Kxg3 56. a8Q f5 57. Qa3+ Kg4 58. Kc6 f4 59. Kd6 f3 60. Qe3 Kg3 61. Qxh6 f2 62. Qxg6+ Kh3 63. Qxe6+ Kg2 64. Qg4+ Kh1 65. Qh3+ Kg1 66. Qg3+ Kh1 1/2-1/2

[Event "Parauapebas-ch"]
[Site "Parauapebas"]
[Date "2017.10.08"]
[Round "12"]
[White "De Sousa, Werlles Milhomem"]
[Black "Dos Santos, Lucas Vinicius Mont"]
[Result "0-1"]
[WhiteElo "2029"]
[BlackElo "1987"]
[PlyCount "41"]
[EventDate "2017.09.10"]
[EventType "tourn"]
[EventRounds "18"]
[EventCountry "BRA"]
[SourceTitle "EXT 2019"]
[Source "ChessBase"]
[SourceDate "2018.10.10"]
[SourceVersion "1"]
[SourceVersionDate "2018.10.10"]
[SourceQuality "1"]

1. c4 e5 2. g3 Nf6 3. Bg2 Bc5 4. Nc3 c6 5. Nf3 d6 6. 0-0 0-0 7. d4 exd4 8. Nxd4 Qe7 9. h3 Bb6 10. Bf4 Nh5 11. Be3 Nxg3 12. Re1 Nf5 13. Nxf5 Bxf5 14. Bf4 Qh4 15. e3 Bxh3 16. Qxd6 Rd8 17. Qb4 Nd7 18. Bg3 Qg4 19. Na4 Bxg2 20. Nxb6 Qh3 21. Bh2 0-1

[Event "Parauapebas-ch"]
[Site "Parauapebas"]
[Date "2017.10.01"]
[Round "11"]
[White "Luz Silva, Claudio Luis Olivei"]
[Black "De Sousa, Werlles Milhomem"]
[Result "0-1"]
[WhiteElo "1829"]
[BlackElo "2029"]
[PlyCount "58"]
[EventDate "2017.09.10"]
[EventType "tourn"]
[EventRounds "18"]
[EventCountry "BRA"]
[SourceTitle "EXT 2019"]
[Source "ChessBase"]
[SourceDate "2018.10.10"]
[SourceVersion "1"]
[SourceVersionDate "2018.10.10"]
[SourceQuality "1"]

1. e4 c5 2. Nf3 g6 3. Bc4 Nc6 4. 0-0 Bg7 5. Nc3 Nf6 6. d4 cxd4 7. Nxd4 0-0 8. Be3 Nxe4 9. Nxe4 d5 10. Nxc6 bxc6 11. Qd3 dxc4 12. Qxc4 Qc7 13. c3 a5 14. Rad1 Ba6 15. Qc5 Bxf1 16. Rxf1 a4 17. Bg5 Rfe8 18. g3 Qe5 19. Qxc6 Rac8 20. Qxa4 Ra8 21. Qc6 Rec8 22. Qb7 Rab8 23. Qxe7 Qxe7 24. Bxe7 Rxb2 25. a3 Re2 26. f3 f5 27. Nd6 Rc7 28. Rb1 Rexe7 29. Rb8+ Bf8 0-1

[Event "Parauapebas-ch"]
[Site "Parauapebas"]
[Date "2017.10.01"]
[Round "10"]
[White "Saraiva Silva, Luiz Guilherme"]
[Black "De Sousa, Werlles Milhomem"]
[Result "1/2-1/2"]
[WhiteElo "1965"]
[BlackElo "2029"]
[PlyCount "21"]
[EventDate "2017.09.10"]
[EventType "tourn"]
[EventRounds "18"]
[EventCountry "BRA"]
[SourceTitle "EXT 2019"]
[Source "ChessBase"]
[SourceDate "2018.10.10"]
[SourceVersion "1"]
[SourceVersionDate "2018.10.10"]
[SourceQuality "1"]

1. e4 e5 2. Nf3 Nc6 3. Bb5 Nf6 4. 0-0 a6 5. Bxc6 dxc6 6. d4 exd4 7. Qxd4 Qxd4 8. Nxd4 Bc5 9. c3 0-0 10. Re1 Re8 11. f3 1/2-1/2

[Event "Parauapebas-ch"]
[Site "Parauapebas"]
[Date "2017.09.17"]
[Round "3"]
[White "Dos Santos, Lucas Vinicius Mont"]
[Black "De Sousa, Werlles Milhomem"]
[Result "0-1"]
[WhiteElo "1987"]
[BlackElo "2029"]
[PlyCount "86"]
[EventDate "2017.09.10"]
[EventType "tourn"]
[EventRounds "18"]
[EventCountry "BRA"]
[SourceTitle "EXT 2019"]
[Source "ChessBase"]
[SourceDate "2018.10.10"]
[SourceVersion "1"]
[SourceVersionDate "2018.10.10"]
[SourceQuality "1"]

1. d4 Nf6 2. c4 g6 3. Nc3 Bg7 4. e4 d6 5. f3 0-0 6. Be3 Nc6 7. Qd2 a6 8. h4 Nh5 9. Nge2 e5 10. d5 Na5 11. Qd3 b5 12. cxb5 axb5 13. Nxb5 Ba6 14. g4 Nf4 15. Bxf4 exf4 16. Ned4 Qf6 17. g5 Qe5 18. Rb1 c5 19. dxc6 Bxb5 20. Nxb5 Nxc6 21. a3 Rab8 22. Kf2 Qc5+ 23. Kg2 Rxb5 24. Qxb5 Qc2+ 25. Be2 Nd4 26. Qd3 Qxe2+ 27. Qxe2 Nxe2 28. Kf2 Nd4 29. Rhd1 Be5 30. b4 Nc2 31. Rd3 Ra8 32. Rbb3 Kf8 33. Kf1 Ke7 34. b5 Kd7 35. b6 Ne3+ 36. Ke2 Kc6 37. a4 Kb7 38. Rb4 Ra6 39. Rdb3 Nc2 40. Rc4 Nd4+ 41. Rxd4 Bxd4 42. Rb4 Bc5 43. Rc4 Rxb6 0-1

[Event "Parauapebas-ch"]
[Site "Parauapebas"]
[Date "2017.09.10"]
[Round "2"]
[White "De Sousa, Werlles Milhomem"]
[Black "Luz Silva, Claudio Luis Olivei"]
[Result "0-1"]
[WhiteElo "2029"]
[BlackElo "1829"]
[PlyCount "52"]
[EventDate "2017.09.10"]
[EventType "tourn"]
[EventRounds "18"]
[EventCountry "BRA"]
[SourceTitle "EXT 2019"]
[Source "ChessBase"]
[SourceDate "2018.10.10"]
[SourceVersion "1"]
[SourceVersionDate "2018.10.10"]
[SourceQuality "1"]

1. c4 e5 2. g3 Nf6 3. Nc3 Bc5 4. Bg2 Nc6 5. Nf3 d6 6. 0-0 0-0 7. d3 Bg4 8. h3 Bd7 9. Bg5 h6 10. Bxf6 gxf6 11. e3 Ne7 12. Ne4 f5 13. Nxc5 dxc5 14. Nxe5 c6 15. f4 Be6 16. Qh5 Kg7 17. Rad1 f6 18. Nf3 Bf7 19. Qh4 h5 20. g4 hxg4 21. hxg4 Rh8 22. Qg3 fxg4 23. Qxg4+ Kf8 24. Kf2 Bh5 25. Rh1 Bxg4 26. Rxh8+ Ng8 0-1

[Event "Parauapebas CXCP op 1st"]
[Site "Parauapebas"]
[Date "2017.03.05"]
[Round "5.2"]
[White "Abreu, Nilton Silva"]
[Black "De Sousa, Werlles Milhomem"]
[Result "1/2-1/2"]
[WhiteElo "1969"]
[BlackElo "1999"]
[PlyCount "32"]
[EventDate "2017.03.03"]
[EventType "swiss"]
[EventRounds "6"]
[EventCountry "BRA"]
[SourceTitle "EXT 2022"]
[Source "ChessBase"]
[SourceDate "2021.10.06"]
[SourceVersion "1"]
[SourceVersionDate "2021.10.06"]
[SourceQuality "1"]

1. e4 c5 2. Bd3 Nc6 3. c3 Nf6 4. Bc2 d5 5. exd5 Qxd5 6. Qf3 Qd8 7. h3 g6 8. d3 Bg7 9. Be3 Qd6 10. Na3 Ne5 11. Qe2 a6 12. Nf3 Nxf3+ 13. Qxf3 0-0 14. Nc4 Qc7 15. Bf4 Qd8 16. Be3 Qc7 1/2-1/2

[Event "Parauapebas CXCP op 1st"]
[Site "Parauapebas"]
[Date "2017.03.03"]
[Round "1.3"]
[White "De Sousa, Werlles Milhomem"]
[Black "Luz Silva, Claudio Luis Olivei"]
[Result "1-0"]
[WhiteElo "1999"]
[BlackElo "1835"]
[PlyCount "65"]
[EventDate "2017.03.03"]
[EventType "swiss"]
[EventRounds "6"]
[EventCountry "BRA"]
[SourceTitle "EXT 2022"]
[Source "ChessBase"]
[SourceDate "2021.10.06"]
[SourceVersion "1"]
[SourceVersionDate "2021.10.06"]
[SourceQuality "1"]

1. d4 e6 2. c4 c5 3. d5 d6 4. Nc3 Be7 5. Nf3 Nf6 6. e4 Nbd7 7. Be2 0-0 8. 0-0 Ng4 9. Bf4 e5 10. Bc1 h6 11. Ne1 Ngf6 12. Nd3 a6 13. a4 Re8 14. f4 exf4 15. Bxf4 Bf8 16. Bf3 Ne5 17. Nxe5 dxe5 18. Be3 Bd6 19. a5 Bd7 20. Na4 Rc8 21. Nb6 Rc7 22. Kh1 g5 23. Ra3 Kg7 24. Nxd7 Qxd7 25. Qd2 Ng4 26. Bxg5 Rh8 27. Bxg4 Qxg4 28. Bf6+ Kh7 29. Bxh8 f5 30. Rh3 f4 31. Bf6 Rf7 32. Bh4 h5 33. Be1 1-0

[Event "Paraense-ch"]
[Site "Parauapebas"]
[Date "2016.10.30"]
[Round "5.3"]
[White "De Sousa, Werlles Milhomem"]
[Black "Saraiva Silva, Luiz Guilherme"]
[Result "1-0"]
[WhiteElo "1988"]
[BlackElo "1943"]
[PlyCount "65"]
[EventDate "2016.10.28"]
[EventType "swiss"]
[EventRounds "6"]
[EventCountry "BRA"]
[SourceTitle "EXT 2022"]
[Source "ChessBase"]
[SourceDate "2021.10.06"]
[SourceVersion "1"]
[SourceVersionDate "2021.10.06"]
[SourceQuality "1"]

1. c4 Nf6 2. Nc3 g6 3. g3 Bg7 4. Bg2 0-0 5. e4 d6 6. Nge2 Nbd7 7. 0-0 e5 8. d3 a5 9. h3 Nc5 10. Be3 Nfd7 11. Rc1 c6 12. b3 f5 13. exf5 gxf5 14. d4 exd4 15. Bxd4 Ne5 16. Nf4 Ne6 17. Nxe6 Bxe6 18. Ne2 a4 19. Nf4 Bf7 20. Qd2 axb3 21. axb3 Ra3 22. Qb2 Qa5 23. Bc3 Qa7 24. Ra1 Ra8 25. Kh1 Nxc4 26. Qc2 Bxc3 27. Rxa3 Qxa3 28. Qxc3 Ne5 29. Qc2 Qb4 30. Qxf5 b5 31. h4 Qc3 32. Qg5+ Ng6 33. h5 1-0

[Event "Paraense-ch"]
[Site "Parauapebas"]
[Date "2016.10.29"]
[Round "4.3"]
[White "Veiga, Emerson de Sousa"]
[Black "De Sousa, Werlles Milhomem"]
[Result "1-0"]
[WhiteElo "2082"]
[BlackElo "1988"]
[PlyCount "76"]
[EventDate "2016.10.28"]
[EventType "swiss"]
[EventRounds "6"]
[EventCountry "BRA"]
[SourceTitle "EXT 2022"]
[Source "ChessBase"]
[SourceDate "2021.10.06"]
[SourceVersion "1"]
[SourceVersionDate "2021.10.06"]
[SourceQuality "1"]

1. e4 c5 2. Nf3 Nc6 3. d4 cxd4 4. Nxd4 g6 5. Nc3 Bg7 6. Be3 Nf6 7. f3 0-0 8. Bc4 d6 9. Qd2 Bd7 10. g4 Qa5 11. h4 Rfc8 12. Bb3 h5 13. gxh5 Nxh5 14. Nxc6 Rxc6 15. Bd4 Bxd4 16. Qxd4 Nf4 17. Qd2 e5 18. 0-0-0 Be6 19. h5 Bxb3 20. axb3 Rxc3 21. Kb1 Rac8 22. bxc3 Rc6 23. Kb2 g5 24. Ra1 Qc5 25. Rh2 f6 26. h6 Kh7 27. Ra4 b5 28. Ra1 Rc7 29. Re1 a5 30. Qe3 Qc6 31. Rd2 b4 32. c4 a4 33. Red1 axb3 34. cxb3 Qa6 35. Rxd6 Qa3+ 36. Kb1 Rxc4 37. Rd7+ Kg6 38. h7 Rc3 1-0

[Event "Maraba op 3rd"]
[Site "Maraba"]
[Date "2016.04.22"]
[Round "3"]
[White "De Sousa, Werlles Milhomem"]
[Black "Do Nascimento, Pablo Salermo M"]
[Result "0-1"]
[WhiteElo "2050"]
[BlackElo "2021"]
[PlyCount "134"]
[EventDate "2016.04.21"]
[EventType "swiss"]
[EventRounds "7"]
[EventCountry "BRA"]
[SourceTitle "CBM 172 Extra"]
[Source "ChessBase"]
[SourceDate "2016.06.21"]
[SourceVersion "1"]
[SourceVersionDate "2016.06.21"]
[SourceQuality "1"]

1. Nf3 Nf6 2. d4 g6 3. c4 Bg7 4. Nc3 0-0 5. e4 d6 6. Be2 e5 7. 0-0 Nc6 8. d5 Ne7 9. b4 Ne8 10. c5 f5 11. Nd2 Kh8 12. a4 Ng8 13. Ba3 Rf7 14. Nc4 Bf8 15. a5 a6 16. b5 Qh4 17. b6 cxb6 18. cxd6 Bg7 19. Nxb6 Rb8 20. Qa4 Nef6 21. f3 Bd7 22. Qc2 Bh6 23. Bc1 Bf8 24. Nc4 Rg7 25. Ba3 Rc8 26. Nxe5 Nxd5 27. exd5 Qd4+ 28. Kh1 Qxe5 29. Bb2 Bxd6 30. f4 Qe7 31. Qb3 Nf6 32. Rae1 Re8 33. Qc4 Kg8 34. h3 g5 35. Bf3 Qxe1 36. Rxe1 Rxe1+ 37. Kh2 g4 38. Ne2 gxf3 39. gxf3 Rxe2+ 40. Qxe2 Bxf4+ 41. Kh1 Nh5 42. Qc4 Rg6 43. d6+ Be6 44. Qc7 Ng3+ 45. Kg2 Ne4+ 46. Kf1 Nd2+ 47. Kf2 Bg3+ 48. Ke2 Bc4+ 49. Kxd2 Rxd6+ 50. Kc3 Rd3+ 51. Kxc4 Bxc7 52. Kxd3 Bxa5 53. Kd4 Bc7 54. Kd5 Kf7 55. Bd4 Ke7 56. Bc5+ Kd7 57. Bd4 Bd6 58. Bb6 Bc7 59. Bc5 b5 60. Bd4 a5 61. Kc5 b4 62. Kb5 Kd6 63. Kc4 Kc6 64. Bg7 Bd6 65. h4 h5 66. Bf6 a4 67. Kd4 a3 0-1

[Event "Maraba op 3rd"]
[Site "Maraba"]
[Date "2016.04.21"]
[Round "2"]
[White "Almeida, Fernando Medrado"]
[Black "De Sousa, Werlles Milhomem"]
[Result "1/2-1/2"]
[WhiteElo "1933"]
[BlackElo "2050"]
[PlyCount "69"]
[EventDate "2016.04.21"]
[EventType "swiss"]
[EventRounds "7"]
[EventCountry "BRA"]
[SourceTitle "CBM 172 Extra"]
[Source "ChessBase"]
[SourceDate "2016.06.21"]
[SourceVersion "1"]
[SourceVersionDate "2016.06.21"]
[SourceQuality "1"]

1. d4 Nf6 2. c4 e6 3. Nc3 Bb4 4. Qc2 0-0 5. e4 d5 6. e5 Ne4 7. Bd3 f5 8. Nf3 c5 9. 0-0 cxd4 10. Ne2 Nc6 11. cxd5 Qxd5 12. a3 Be7 13. Bc4 Qa5 14. Nexd4 Nxd4 15. Nxd4 Qxe5 16. Nf3 Qf6 17. b4 Qc3 18. Qxc3 Nxc3 19. Nd4 Bf6 20. Nxe6 Ne2+ 21. Kh1 Bxa1 22. Nc7+ Kh8 23. Nxa8 Nxc1 24. Rxc1 Bb2 25. Rd1 Bxa3 26. b5 Be7 27. Nc7 Rd8 28. Rxd8+ Bxd8 29. Ne6 Bf6 30. Kg1 a5 31. bxa6 bxa6 32. f3 h6 33. g4 fxg4 34. fxg4 Kh7 35. Nf8+ 1/2-1/2

[Event "Belem Regional Norte"]
[Site "Belem"]
[Date "2016.03.20"]
[Round "6"]
[White "De Sousa, Werlles Milhomem"]
[Black "Luz Silva, Claudio Luis Olivei"]
[Result "0-1"]
[WhiteElo "2182"]
[BlackElo "1820"]
[PlyCount "91"]
[EventDate "2016.03.18"]
[EventType "swiss"]
[EventRounds "6"]
[EventCountry "BRA"]
[SourceTitle "CBM 171 Extra"]
[Source "ChessBase"]
[SourceDate "2016.04.26"]
[SourceVersion "1"]
[SourceVersionDate "2016.04.26"]
[SourceQuality "1"]

1. c4 Nf6 2. Nc3 g6 3. Nf3 c5 4. g3 Bg7 5. Bg2 0-0 6. 0-0 Nc6 7. d4 cxd4 8. Nxd4 Nxd4 9. Qxd4 Ne8 10. Qd3 e6 11. b3 Nf6 12. Ba3 Re8 13. Rad1 Qa5 14. Bd6 a6 15. h3 Nh5 16. Rc1 Bf8 17. Rfd1 Ng7 18. Ne4 Kh8 19. Nf6 Bxd6 20. Qxd6 Nf5 21. Qd2 Qxd2 22. Rxd2 Re7 23. Rcd1 d6 24. e4 Kg7 25. Ng4 h5 26. Nh2 Nh6 27. Rxd6 b5 28. c5 Raa7 29. g4 a5 30. e5 hxg4 31. hxg4 Rec7 32. c6 Ng8 33. Nf1 Ne7 34. Ne3 g5 35. a4 bxa4 36. bxa4 Ng6 37. Nc4 Ba6 38. Nxa5 Nxe5 39. Nb7 Be2 40. Re1 Nf3+ 41. Bxf3 Bxf3 42. Nd8 Rxa4 43. Rd7 Rxg4+ 44. Kh2 Rxd7 45. Nxe6+ fxe6 46. Rxe6 0-1

[Event "Parauapebas op 1st"]
[Site "Parauapebas"]
[Date "2016.03.05"]
[Round "3"]
[White "De Sousa, Werlles Milhomem"]
[Black "Laranjeira, Marcio Muniz"]
[Result "1-0"]
[WhiteElo "2182"]
[BlackElo "1907"]
[PlyCount "77"]
[EventDate "2016.03.04"]
[EventType "swiss"]
[EventRounds "6"]
[EventCountry "BRA"]
[SourceTitle "EXT 2019"]
[Source "ChessBase"]
[SourceDate "2018.10.10"]
[SourceVersion "1"]
[SourceVersionDate "2018.10.10"]
[SourceQuality "1"]

1. Nf3 Nf6 2. d4 d5 3. c4 c6 4. Nc3 Bf5 5. cxd5 Nxd5 6. Nd2 e6 7. e4 Nxc3 8. bxc3 Bg6 9. Bd3 Bd6 10. 0-0 0-0 11. Nc4 Bc7 12. f4 f5 13. e5 b5 14. Nd2 c5 15. Nf3 c4 16. Be2 Nc6 17. Ng5 Re8 18. Bf3 Qd7 19. d5 Nd8 20. d6 Bb6+ 21. Kh1 Rb8 22. a4 a6 23. Qe2 h6 24. Nh3 Nb7 25. Be3 Nc5 26. axb5 axb5 27. Nf2 Rec8 28. Rfb1 Ne4 29. Bxe4 fxe4 30. Bxb6 Rxb6 31. Qe3 Rb7 32. Nxe4 Qc6 33. Re1 b4 34. cxb4 Rxb4 35. Nc3 Rb3 36. Qd4 Rd8 37. Rac1 Rd7 38. Ne4 Rd3 39. Qxd3 1-0

[Event "Parauapebas op 1st"]
[Site "Parauapebas"]
[Date "2016.03.04"]
[Round "2"]
[White "Saraiva Silva, Luiz Guilherme"]
[Black "De Sousa, Werlles Milhomem"]
[Result "1/2-1/2"]
[WhiteElo "1975"]
[BlackElo "2182"]
[PlyCount "100"]
[EventDate "2016.03.04"]
[EventType "swiss"]
[EventRounds "6"]
[EventCountry "BRA"]
[SourceTitle "EXT 2019"]
[Source "ChessBase"]
[SourceDate "2018.10.10"]
[SourceVersion "1"]
[SourceVersionDate "2018.10.10"]
[SourceQuality "1"]

1. e4 c5 2. Nf3 e6 3. d4 cxd4 4. Nxd4 a6 5. Nc3 Qc7 6. Be2 Nf6 7. 0-0 Bb4 8. Qd3 Nc6 9. Nxc6 bxc6 10. Bg5 d5 11. exd5 cxd5 12. Qd4 Be7 13. Rfe1 0-0 14. Bd3 h6 15. Bf4 Bd6 16. Bxh6 Ne8 17. Nxd5 Qc5 18. Qxc5 Bxc5 19. Be3 Bd6 20. Nc3 Rb8 21. b3 Bb4 22. Bd4 f6 23. a3 Be7 24. Ne4 Nc7 25. Bc5 Bxc5 26. Nxc5 Kf7 27. Rad1 Nd5 28. Re4 Nc3 29. Rde1 Nxe4 30. Rxe4 Rd8 31. f4 Rd5 32. Nxa6 Bxa6 33. Bxa6 Rd1+ 34. Kf2 Rd2+ 35. Re2 Rxe2+ 36. Kxe2 Ra8 37. Bc4 Rxa3 38. f5 Ra2 39. fxe6+ Ke7 40. Kd3 Kd6 41. b4 Ra1 42. b5 Kc5 43. Bb3 Kxb5 44. Ke4 Rf1 45. Bd5 Re1+ 46. Kf5 Re5+ 47. Kg6 Rxd5 48. c4+ Kxc4 49. Kxg7 Rg5+ 50. Kf7 Rxg2 1/2-1/2

[Event "Parauapebas Paraense-ch"]
[Site "Parauapebas"]
[Date "2015.11.21"]
[Round "3"]
[White "Cunha, Adriano de Jesus Si"]
[Black "De Sousa, Werlles Milhomem"]
[Result "1/2-1/2"]
[WhiteElo "1999"]
[BlackElo "2144"]
[PlyCount "42"]
[EventDate "2015.11.20"]
[EventType "swiss"]
[EventRounds "6"]
[EventCountry "BRA"]
[SourceTitle "CBM 169 Extra"]
[Source "ChessBase"]
[SourceDate "2015.12.18"]
[SourceVersion "1"]
[SourceVersionDate "2015.12.18"]
[SourceQuality "1"]

1. d4 d5 2. c4 c6 3. Nc3 Nf6 4. e3 e6 5. Nf3 Nbd7 6. Be2 Bd6 7. 0-0 0-0 8. b3 Re8 9. Bb2 Bb4 10. Bd3 dxc4 11. bxc4 c5 12. a3 Ba5 13. Nb5 Qe7 14. Ne5 a6 15. Nc3 Bxc3 16. Bxc3 Nxe5 17. dxe5 Nd7 18. Qh5 Nf8 19. f4 Bd7 20. Rf3 Bc6 21. Rh3 h6 1/2-1/2

[Event "Parauapebas Paraense-ch"]
[Site "Parauapebas"]
[Date "2015.11.21"]
[Round "4"]
[White "De Sousa, Werlles Milhomem"]
[Black "Abreu, Nilton Silva"]
[Result "1-0"]
[WhiteElo "2144"]
[BlackElo "2044"]
[PlyCount "75"]
[EventDate "2015.11.20"]
[EventType "swiss"]
[EventRounds "6"]
[EventCountry "BRA"]
[SourceTitle "CBM 169 Extra"]
[Source "ChessBase"]
[SourceDate "2015.12.18"]
[SourceVersion "1"]
[SourceVersionDate "2015.12.18"]
[SourceQuality "1"]

1. c4 e5 2. Nf3 Nf6 3. g3 Bc5 4. Bg2 c6 5. Nc3 d6 6. 0-0 0-0 7. d4 exd4 8. Nxd4 Re8 9. h3 Nbd7 10. Nb3 Bb4 11. Na4 Ne5 12. a3 Ba5 13. Nxa5 Qxa5 14. b3 Qc7 15. Qc2 Be6 16. Bb2 Rad8 17. e4 Qc8 18. f4 Bxh3 19. fxe5 Bxg2 20. Qxg2 dxe5 21. Rad1 Rxd1 22. Rxd1 Qg4 23. Nc3 h5 24. Rd3 Re6 25. Qf3 Qh3 26. Rd8+ Ne8 27. Ne2 g6 28. Bc1 Kg7 29. Qe3 Kf8 30. Qg5 Qg4 31. Qxg4 hxg4 32. Rb8 Re7 33. a4 c5 34. Nc3 b6 35. Nd5 Re6 36. Bh6+ Kg8 37. Rxe8+ Rxe8 38. Nf6+ 1-0

[Event "Parauapebas Paraense-ch"]
[Site "Parauapebas"]
[Date "2015.11.20"]
[Round "2"]
[White "De Sousa, Werlles Milhomem"]
[Black "Luz Silva, Claudio Luis Olivei"]
[Result "1-0"]
[WhiteElo "2144"]
[BlackElo "1879"]
[PlyCount "81"]
[EventDate "2015.11.20"]
[EventType "swiss"]
[EventRounds "6"]
[EventCountry "BRA"]
[SourceTitle "CBM 169 Extra"]
[Source "ChessBase"]
[SourceDate "2015.12.18"]
[SourceVersion "1"]
[SourceVersionDate "2015.12.18"]
[SourceQuality "1"]

1. Nf3 d6 2. d4 g6 3. c4 c6 4. Nc3 Bg7 5. e4 Nf6 6. Be2 0-0 7. 0-0 Qc7 8. Ne1 e5 9. d5 Nbd7 10. Be3 Re8 11. Rc1 c5 12. f3 a6 13. a3 Nf8 14. b4 b6 15. Nd3 h6 16. a4 g5 17. a5 bxa5 18. bxc5 Ng6 19. cxd6 Qxd6 20. c5 Qd8 21. Re1 Nh5 22. Na4 Nhf4 23. Bf1 Nh4 24. g3 Nxd3 25. Bxd3 Ng6 26. c6 Bh3 27. Bf1 Bxf1 28. Rxf1 Bf8 29. c7 Qf6 30. Nb6 Rac8 31. Nxc8 Rxc8 32. Rc6 Bd6 33. Qc2 Qe7 34. Bc5 Rxc7 35. Bxd6 Qxd6 36. Rxc7 Qa3 37. Qc3 Qa4 38. Ra1 Qb5 39. Rc5 Qe2 40. Re1 Qa2 41. Rxa5 1-0

[Event "Maraba op 2nd"]
[Site "Maraba"]
[Date "2015.04.26"]
[Round "6"]
[White "De Sousa, Werlles Milhomem"]
[Black "Leao, Flavio Sanchez"]
[Result "1-0"]
[WhiteElo "1894"]
[BlackElo "1815"]
[PlyCount "145"]
[EventDate "2015.04.24"]
[EventType "swiss"]
[EventRounds "6"]
[EventCountry "BRA"]
[SourceTitle "CBM 166 Extra"]
[Source "ChessBase"]
[SourceDate "2015.06.18"]
[SourceVersion "1"]
[SourceVersionDate "2015.06.18"]
[SourceQuality "1"]

1. Nf3 e6 2. d4 d5 3. c4 Nf6 4. Nc3 c6 5. Bg5 Be7 6. e3 0-0 7. Rc1 Nbd7 8. Bd3 Re8 9. 0-0 Nf8 10. e4 dxe4 11. Nxe4 Nxe4 12. Bxe7 Nxf2 13. Rxf2 Qxe7 14. Qc2 c5 15. Rcf1 f6 16. d5 exd5 17. cxd5 b6 18. Qc4 Qd6 19. Qh4 Bb7 20. Ng5 h6 21. Ne4 Rxe4 22. Bxe4 Re8 23. Bf3 Re5 24. Rd1 Nd7 25. Re2 Rxe2 26. Bxe2 Qe5 27. Bf3 Qe3+ 28. Kh1 Ne5 29. Qe4 Qxe4 30. Bxe4 Kf8 31. Kg1 Ke8 32. Kf2 Ke7 33. h4 g5 34. hxg5 hxg5 35. Rh1 Kd6 36. Rh7 Bxd5 37. Bxd5 Kxd5 38. Rxa7 b5 39. Ke2 f5 40. Rb7 Nc6 41. Kd3 Ne5+ 42. Kc2 Nc6 43. Kd2 Nd4 44. Kd3 Kc6 45. Rg7 Ne6 46. Rg8 Nf4+ 47. Kd2 Ne6 48. b3 b4 49. Ke3 Kd6 50. Re8 Kd5 51. Rg8 Ke5 52. Rg6 Kd5 53. Rg8 Ke5 54. Ra8 Nd4 55. Rd8 Ne6 56. Rd7 Nd4 57. g3 f4+ 58. gxf4+ gxf4+ 59. Kd3 Ne6 60. Kc4 f3 61. Kd3 Kf4 62. Rf7+ Kg3 63. Ke3 Nd4 64. Rg7+ Kh4 65. Kf2 Nf5 66. Rg8 Nd4 67. Rg3 Nb5 68. Rxf3 Kg4 69. Ke3 Nc3 70. Rf8 Nxa2 71. Kd3 Nc1+ 72. Kc4 Kg5 73. Rf2 1-0